|
|
|
|
| LEADER |
00000nab a2200000 a 4500 |
| 001 |
vtls000082241 |
| 003 |
SK-MaSNL |
| 005 |
20260304055718.0 |
| 008 |
250422c1981 xo 0 slo |
| 015 |
|
|
|a SNBRB19rr/mm-uuuuu
|
| 035 |
|
|
|a CL0092343
|
| 035 |
|
|
|a urn:nbn:sk:snk-ab2lwf
|
| 035 |
|
|
|a (urnnbn)urn:nbn:sk:snk:ar-a02mk7
|
| 035 |
|
|
|a (uuid)b1d27ebe-3ea1-4f80-9e3d-db0c7ce8a912
|
| 040 |
|
|
|a SNKBUCL
|b slo
|c SNKBUCL
|e AACR2
|
| 041 |
0 |
|
|a slo
|
| 044 |
|
|
|a xo
|c SK
|
| 080 |
|
|
|a 631
|2 1981
|
| 100 |
1 |
|
|a Bucko, Rudolf
|4 aut
|9 332801
|
| 245 |
1 |
0 |
|a Prenos vedecko-technických poznatkov do praxe úloha pracovníkov ÚV SH
|c Rudolf Bucko
|
| 300 |
|
|
|b Obr. 1.
|
| 650 |
0 |
7 |
|a poľnohospodárstvo
|2 snkbucl
|9 679
|
| 650 |
0 |
7 |
|a Ústav pre vedeckú sústavu hospodárenia, Bratislava
|2 snkbucl
|9 935134
|
| 655 |
|
7 |
|a články z novín a časopisov
|2 snkbucl
|9 267496
|
| 773 |
0 |
|
|t Ekonomika poľnohospodárstva
|g Roč. 20, č. 3 (1981), s. 102-103
|
| 850 |
|
|
|a Slovenská národná knižnica
|
| 852 |
|
|
|a Slovenská národná knižnica
|
| 954 |
|
|
|a odborná, vedecká literatúra pôvodná (slovenská)
|2 lita
|
| 957 |
|
|
|a 5100
|
| 958 |
|
|
|a article27
|
| 958 |
|
|
|a RK
|
| 958 |
|
|
|a OND
|
| 958 |
|
|
|a EUIPO
|
| 992 |
|
|
|a RBX
|
| 999 |
|
|
|c 2726021
|d 2727951
|